000 03242nam0a2200433 4500
001 RU\NLR\BIBL_A\011589517
005 20260406114822.0
010 _a9785901968307
_9150
021 _aRU
_b2017-94920
_96813
035 _a(RuMoRGB)009481863
035 _a(NLR Aleph) 011589517
090 _a10830400
_c10830400
100 _a20180110d2017 k y0rusy50 ca
101 0 _arus
102 _aRU
105 _aac||z|||100zy
200 1 _aПерспективные направления в онкологии, радиобиологии и радиологии
_eIII конференция молодых учёных, посвященная памяти академика А.Ф. Цыба, 1 декабря 2017 г.
_e[тезисы докладов]
_fФедеральное государственное бюджетное учреждение "Национальный медицинский исследовательский центр радиологии" Министерства здравоохранения Российской Федерации, [Медицинский радиологический научный центр им. А.Ф. Цыба
_gредакторы: Л.С. Неизвестная, Л.П. Жаворонков]
210 _aОбнинск
_cМРНЦ им. А.Ф. Цыба - филиал ФГБУ "НМИЦ радиологии" Минздрава России
_d2017
215 _a134 с.
_cил., портр., табл., цв. ил., портр.
_d20
300 _aВ макете подзаг.: Материалы III конференции молодых учёных, посвященной памяти академика А.Ф. Цыба
320 _aБиблиогр. в конце ст.
600 1 _aЦыб
_bА.Ф.
_f1934 - 2013
_gАнатолий Федорович
_92352775
_3RU\NLR\AUTH\6601628367
606 1 _aРадиобиология
_jТезисы докладов
_91250948
_3RU\NLR\AUTH\66195121
606 _aОнкология
_jТезисы докладов
_xИнновационные технологии
_92384701
_3RU\NLR\AUTH\661422552
606 1 _aРадиология
_jТезисы докладов
_xИнновационные технологии
_92352780
_3RU\NLR\AUTH\6601628369
686 _aР36я431(2)
_2rubbk
686 _aР562,4я431(2)
_2rubbk
686 1 _aЕ071.25я431(2)
686 1 _aР56с.я431(2)
686 1 _aР36с.я431(2)
702 1 _aНеизвестная
_bЛ. С.
_4340
702 1 _4570
_8rus
_7ca
_aЦыб
_bА. Ф.
_gАнатолий Федорович
_3RU\NLR\AUTH\7714336
_9124009
711 1 2 _a"Перспективные направления в онкологии, радиобиологии и радиологии", научно-практическая конференция молодых учёных
_d3
_eОбнинск
_f2017
_9584864
_3RU\NLR\AUTH\880461109
712 0 2 _4570
_aМедицинский радиологический научный центр им. А. Ф. Цыба
_cОбнинск
_3RU\NLR\AUTH\8811091
_9294832
942 _cBOOK
980 _aNBR